Villes françaises qui contiennent le mot "La" (mort subite - Statistiques

Statistiques générales
  • Ce quiz a été pris 170 fois
  • Le résultat moyen est 13 sur 17
Answers on the Grid
Answers color-coded by a green-red scale on the quiz's grid according to % correct below.
Brive- -Gaillarde
Port - - Nouvelle
Is - - tille
Villeneuve- -Garenne
Mantes- -Jolie
Vallon- -d'Arc
Deuil- -Barre
Milly- -Forêt
Vaison- - Romaine
Ozoir- -Ferrière
Tassin- -Demi-Lune
Combs- -Ville
Mandelieu- -Napoule
Mon-Fils- - Bataille
L'Isle-sur- -Sorgue
Sarlat- -Canéda
Saint-Nom- - Bretèche
Arnac - - Poste
Marne -- Vallée
Bruay- -Buissière
 
Statistiques - réponses
Réponse % Correct
Brive- -Gaillarde
97%
Mantes- -Jolie
91%
Marne -- Vallée
89%
Villeneuve- -Garenne
86%
Milly- -Forêt
80%
Combs- -Ville
79%
Port - - Nouvelle
79%
Vaison- - Romaine
78%
Saint-Nom- - Bretèche
75%
Tassin- -Demi-Lune
75%
Mandelieu- -Napoule
74%
Ozoir- -Ferrière
72%
Bruay- -Buissière
71%
L'Isle-sur- -Sorgue
71%
Sarlat- -Canéda
67%
Deuil- -Barre
65%
Arnac - - Poste
56%
Aucun quiz correspondant
Distribution des résultats
% des personnes avec chaque résultat
Percentile par nombre de réponses
Votre historique - résultats
Vous n’avez pas pris ce quiz